000 004680000a22001810004500
003 MACL
005 20150819123831.0
008 150819b xxu||||| |||| 00| 0 eng d
040 _aMACL
_cMACL
041 _aEnglish
082 _a610/FER
100 _aFernie, W T
_96205
245 _aHerbal Simples
_bApproved for Modern Uses of Cure Vol 2
260 _bLogos Press
_c2008
_aNew Delhi
350 _a900
650 _aMedical Science
_985
942 _cBK
_k610/FER
_2ddc
999 _c42229
_d42229